| 000 | 00762nam a2200205 a 4500 | ||
|---|---|---|---|
| 001 | BRCA_57 | ||
| 005 | 20190320202851.0 | ||
| 008 | 910302s1988 mx-a---##b---f100-0#spa-# | ||
| 040 |
_aDLC _cDLC |
||
| 050 | 4 |
_aF1391.A8 _b.S56 1988 |
|
| 245 | 1 | 0 |
_aSimposium Internacional de Investigación ´Atlixco en su Entorno´ _bMemorias _ccompilador José Alberto Vázquez Benítez. |
| 260 |
_a[Puebla] _bCentro Regional de Puebla : INAH : SEP _c[1988] |
||
| 300 |
_a299 p. _bil. (algunas a color) _c18 cm. |
||
| 504 | _aBibliografía: p. 297-299 | ||
| 650 | 1 | 4 |
_aArquitectura religiosa _zMéxico _924 |
| 650 | 1 | 4 |
_aIndustria textil _zAtlixco, Puebla, México _9271 |
| 651 | 4 |
_aAtlixco (México) _xHistoria _9272 |
|
| 700 | 1 |
_aVázquez Benítez, José Alberto _9273 |
|
| 942 |
_2lcc _cB |
||
| 999 |
_c57 _d57 |
||